Music Quiz

Random Music or Song Quiz

UK No. 1 singles of 2009 Quiz Stats

 Plays Quiz not verified by Sporcle

Score 0/31 Timer 05:00
0 Plays Today
Time in Chart Artist % Correct
11 January-1st FebruaryLady Gaga
66.1%
22nd March-12th AprilLady Gaga
66.1%
May 17th-24thBlack Eyed Peas
60.6%
June 7th-14thBlack Eyed Peas
60.6%
August 2nd-9thBlack Eyed Peas
60.6%
August 16th-23rdBlack Eyed Peas
60.6%
October 18th-25thAlexandra Burke
54.3%
November 15th-November 22ndBlack Eyed Peas
33.9%
July 19th-August 2ndJLS
32.3%
September 6th-13thJay-Z
29.1%
8th-15th MarchFlo Rida
25.2%
June 14th-21stPixie Lott
25.2%
September 13th-20thPixie Lott
25.2%
September 20th-October 11thTaio Cruz
25.2%
26th April-May 17thTinchy Stryder
23.6%
1st February-1st MarchLily Allen
22.8%
Time in Chart Artist % Correct
August 9th-16thTinchy Stryder
22.8%
October 25th-November 8thCheryl Cole
22.8%
October 11th-18thChipmunk
22%
June 21st-28thDavid Guetta
21.3%
August 23rd-30thDavid Guetta
21.3%
Agust 30th-September 6thDizzee Rascal
19.7%
15th-22nd MarchVanessa Jenkins and Bryn West
17.3%
June 28th-July 5thLa Roux
17.3%
November 8th-November 15thJLS
17.3%
July 5th-19thCascada
15.7%
12th-26th AprilCalvin Harris
14.2%
1st-8th MarchKelly Clarkson
13.4%
November 22nd-November 29thThe X Factor Finalists 2009
7.1%
May 24th-June 7thDizzee Rascal & Armand van Helden
2.4%
November 29th-Present DayPeter Kay's Animated All Star Band
0%

You're not logged in!

Compare scores with friends on all Sporcle quizzes.
OR
Log In

Show Comments

Extras

Top Quizzes Today


Score Distribution

Your Account Isn't Verified!

In order to create a playlist on Sporcle, you need to verify the email address you used during registration. Go to your Sporcle Settings to finish the process.

Report this User

Report this user for behavior that violates our Community Guidelines.

Details: